Vista normal
Vista MARC
Entrada Personal Name
Número de registros utilizados en: 1
001 - CONTROL NUMBER
- control field: 17680
003 - CONTROL NUMBER IDENTIFIER
- control field: DLC
005 - DATE AND TIME OF LATEST TRANSACTION
- control field: 20251106132523.0
008 - FIXED-LENGTH DATA ELEMENTS
- fixed length control field: 030307n| azannaabn |a aaa
010 ## - LIBRARY OF CONGRESS CONTROL NUMBER
- LC control number: n 2003098507
040 ## - CATALOGING SOURCE
- Original cataloging agency: DLC
- Language of cataloging: spa
- Description conventions: rda
- Transcribing agency: Mx-PuUPA
- Modifying agency: DLC
- Modifying agency: Mx-PuUPA
046 ## - SPECIAL CODED DATES
- Birth date: 19420714
100 1# - HEADING--PERSONAL NAME
- Personal name: George, Bill
- Fuller form of name: (William W.)
- Dates associated with a name: 1942-
374 ## - OCCUPATION
- Occupation: Autor
375 ## - GENDER
- Gender: hombre
377 ## - ASSOCIATED LANGUAGE
- Language code: eng
400 1# - SEE FROM TRACING--PERSONAL NAME
- Personal name: George, William W.
- Dates associated with a name: 1942-
670 ## - SOURCE DATA FOUND
- Source citation: George, Bill. Authentic leadership, 2003:
- Information found: ecip t.p. (Bill George) ecip copyright st. (William George) data view (former CEO of Medtronic)
670 ## - SOURCE DATA FOUND
- Source citation: Medtronic WWW Home page, Mar. 7, 2003
- Information found: (William W. (Bill) George)
670 ## - SOURCE DATA FOUND
- Source citation: George, Bill. Finding your true north, c2008:
- Information found: ECIP t.p. (Bill George) data view (b. Sept. 14, 1942)